Normal view
MARC view
Entry Personal Name
001 - CONTROL NUMBER
- control field: 192526
003 - CONTROL NUMBER IDENTIFIER
- control field:
005 - DATE AND TIME OF LATEST TRANSACTION
- control field: 20210601194947.0
008 - FIXED-LENGTH DATA ELEMENTS
- fixed length control field: 210601|| aca||aabn | a|a d
040 ## - CATALOGING SOURCE
- Original cataloging agency:
- Transcribing agency:
100 ## - HEADING--PERSONAL NAME
- Personal name: Shanmuganayagan, C
670 ## - SOURCE DATA FOUND
- Source citation: Work cat.: (): Shanmuganayagan, C., An experiment in spiritual inquiry for the youth /, 1998
